[Event "AUTO-ADV-2122"]
[Site "http://www.queenalice.com/game.php?id=923986"]
[Date "2011.4.9"]
[Round "1"]
[White "Agildo"]
[Black "luizpessoa"]
[Result "1-0"]
[WhiteElo "1822"]
[BlackElo "1765"]

1. d4 d5 2. c4 dxc4 3. Nc3 Be6 4. e4 f6 5. Qa4+ c6 6. Bxc4 b5 7. Bxb5 cxb5 8.
Qxb5+ Bd7 9. Qc4 Nc6 10. Nf3 e6 11. Bf4 Bb4 12. O-O Rc8 13. Qd3 Qb6 14. Be3 Qc7
15. Nb5 Qb7 16. a3 Be7 17. e5 Nxd4 18. Nfxd4 fxe5 19. Nxe6 Bxb5 20. Qf5 Bxf1 21.
Nxg7+ Kd8 22. Rd1+ Kc7 23. Qxe5+ Kc6 24. Rc1+ Kd7 25. Qe6+ Kd8 26. Rd1+ Kc7 27.
Bf4+ Bd6 28. Qxd6# 1-0

[Event "AUTO-ADV-2122"]
[Site "http://www.queenalice.com/game.php?id=923991"]
[Date "2011.4.9"]
[Round "1"]
[White "miltonlovisk"]
[Black "Agildo"]
[Result "1-0"]
[WhiteElo "1807"]
[BlackElo "1815"]

1. e4 c6 2. Nf3 d5 3. exd5 cxd5 4. d4 Bf5 5. Nc3 e6 6. a3 Nf6 7. Bg5 Be7 8. Bb5+
Nc6 9. Ne5 Rc8 10. Nxc6 bxc6 11. Ba4 O-O 12. f3 h6 13. Bh4 Nd7 14. Bg3 Bh4 15.
Ne2 Qg5 16. O-O Bxg3 17. Nxg3 Bg6 18. Ne2 e5 19. dxe5 Qxe5 20. Nd4 Qd6 21. Qd2
Ne5 22. c3 Nd3 23. b4 Rfe8 24. g3 Ne5 25. Bb3 Bh7 26. f4 Ng4 27. Rae1 Rxe1 28.
Rxe1 Be4 29. Bd1 Nf6 30. Bf3 Bxf3 31. Nxf3 Ne4 32. Rxe4 Rd8 33. Re1 f6 34. Qd4
a5 35. Nh4 Kh7 36. Qd3+ Kg8 37. Ng6 Qd7 38. Qa6 axb4 39. axb4 Qg4 40. Ne7+ Kh7
41. Qxc6 Qh5 42. b5 Re8 43. Qd6 Qf3 44. Qc6 Qd3 45. Qxe8 h5 46. Qg8+ Kh6 47.
Qh8+ Qh7 48. Qxh7+ Kxh7 49. Nxd5 Kh6 50. b6 Kg6 51. b7 1-0

[Event "AUTO-ADV-2122"]
[Site "http://www.queenalice.com/game.php?id=923992"]
[Date "2011.4.9"]
[Round "1"]
[White "Agildo"]
[Black "miltonlovisk"]
[Result "0-1"]
[WhiteElo "1887"]
[BlackElo "1804"]

1. d4 d5 2. c4 dxc4 3. Nc3 e6 4. e3 Nf6 5. Bxc4 Bd7 6. Nf3 Bb4 7. O-O a6 8. a3
Bxc3 9. bxc3 Ne4 10. Qc2 Nd6 11. Bd3 h6 12. e4 Qe7 13. Ne5 Nc6 14. Nc4 Nxc4 15.
Bxc4 Na5 16. Bd3 b5 17. e5 O-O-O 18. f4 Bc6 19. f5 Bd5 20. f6 gxf6 21. Rxf6 Rdg8
22. Bd2 Rxg2+ 23. Kf1 Rxh2 24. Re1 Rg8 25. Be4 Nc4 26. Re2 Rg1+ 27. Kxg1 Rxe2
28. Bxd5 Rxd2 29. Qh7 exd5 30. Qxh6 Qxa3 31. Rf2 Qc1+ 32. Rf1 Rg2+ 0-1

[Event "AUTO-OPEN-2124"]
[Site "http://www.queenalice.com/game.php?id=932880"]
[Date "2011.5.2"]
[Round "2"]
[White "Claumann"]
[Black "Agildo"]
[Result "1-0"]
[WhiteElo "2129"]
[BlackElo "1811"]

1. d4 d5 2. Bg5 Nf6 3. e3 e6 4. Nf3 Be7 5. c4 O-O 6. Nc3 b6 7. Bd3 dxc4 8. Bxc4
Bb7 9. O-O Nbd7 10. Qe2 Ne4 11. Nxe4 Bxe4 12. Bxe7 Qxe7 13. Nd2 Bg6 14. Rac1 c5
15. Nb3 Nf6 16. dxc5 bxc5 17. Ba6 Bh5 18. Qb5 Rab8 19. Qxc5 Qxc5 20. Rxc5 Rb6
21. Bd3 Rd8 22. Rfc1 g6 23. Rc8 Rxc8 24. Rxc8+ Kg7 25. f3 Nd5 26. g4 Bxg4 27.
fxg4 Nxe3 28. Rc7 Nxg4 29. Rxa7 Rb5 30. Bxb5 1-0

[Event "AUTO-OPEN-2124"]
[Site "http://www.queenalice.com/game.php?id=932881"]
[Date "2011.5.2"]
[Round "2"]
[White "Agildo"]
[Black "Claumann"]
[Result "0-1"]
[WhiteElo "1877"]
[BlackElo "2086"]

1. d4 Nf6 2. c4 c5 3. d5 d6 4. Nc3 Bf5 5. Bg5 Nbd7 6. Nf3 h6 7. Bxf6 Nxf6 8. e3
Qb6 9. b3 Qb4 10. Rc1 Ne4 11. Qd3 Ng3 0-1

[Event "AUTO-OPEN-2124"]
[Site "http://www.queenalice.com/game.php?id=932888"]
[Date "2011.5.2"]
[Round "2"]
[White "rayan10"]
[Black "Agildo"]
[Result "1-0"]
[WhiteElo "1874"]
[BlackElo "1829"]

1. e4 c6 2. d4 d5 3. e5 Bf5 4. Nc3 e6 5. Bd3 Bxd3 6. Qxd3 c5 7. Qb5+ Nc6 8. Nf3
Ne7 9. dxc5 Rb8 10. O-O Nf5 11. b4 Be7 12. Ne2 O-O 13. Ng3 Nxg3 14. fxg3 Qd7 15.
a3 a6 16. Qd3 d4 17. Bb2 Rbd8 18. Rad1 Qd5 19. Nxd4 Bg5 20. Nxc6 Qxc6 21. Qe2
Rxd1 22. Rxd1 h6 23. c4 h5 24. g4 hxg4 25. Qxg4 Be3+ 26. Kh1 Qa4 27. Qe2 Bg5 28.
Qh5 Qc2 29. Rf1 Qd2 30. Bc1 Qd3 31. Rd1 g6 32. Rxd3 gxh5 33. Bxg5 Kh7 34. Rd7
1-0

[Event "AUTO-OPEN-2124"]
[Site "http://www.queenalice.com/game.php?id=932889"]
[Date "2011.5.2"]
[Round "2"]
[White "Agildo"]
[Black "rayan10"]
[Result "0-1"]
[WhiteElo "1890"]
[BlackElo "1849"]

1. d4 Nf6 2. c4 d5 3. cxd5 Qxd5 4. Nc3 Qd8 5. Nf3 h6 6. Bf4 c6 7. e4 e6 8. Bd3
Be7 9. O-O O-O 10. a3 b6 11. b4 Bb7 12. Rc1 Nbd7 13. Qd2 c5 14. Nb5 Ba6 15. Nc7
Bxd3 16. Qxd3 Rc8 17. Qc2 cxb4 18. axb4 Bxb4 19. Qb1 Be7 20. Na6 Rxc1 21. Rxc1
Qa8 22. Rc7 Bd8 23. Rc6 Qxc6 0-1

[Event "AUTO-OPEN-2124"]
[Site "http://www.queenalice.com/game.php?id=932894"]
[Date "2011.5.2"]
[Round "2"]
[White "Agildo"]
[Black "luisclaumann"]
[Result "0-1"]
[WhiteElo "1880"]
[BlackElo "2194"]

1. d4 Nf6 2. c4 Nc6 3. Nc3 e5 4. d5 Ne7 5. e4 Ng6 6. Bd3 Bc5 7. Na4 Bb4+ 8. Bd2
Bxd2+ 9. Qxd2 Nf4 10. Nf3 Nxg2+ 11. Kf1 Nf4 12. Nxe5 N6h5 13. Qe3 Qg5 14. Nf3
Qg2+ 0-1

[Event "AUTO-ADV-2147"]
[Site "http://www.queenalice.com/game.php?id=934303"]
[Date "2011.5.5"]
[Round "1"]
[White "cecel"]
[Black "Agildo"]
[Result "0-1"]
[WhiteElo "1640"]
[BlackElo "1808"]

1. e4 c6 2. d4 d5 3. e5 e6 4. Nc3 c5 5. dxc5 Bxc5 6. Be3 Bxe3 7. fxe3 Nc6 8. Bb5
a6 9. Bxc6+ bxc6 10. Nf3 Nh6 11. h3 Nf5 12. Kf2 Qb6 13. Re1 O-O 14. b3 a5 15.
Na4 Qa7 16. Ng5 g6 17. c4 dxc4 18. bxc4 Ba6 19. Nc3 Bxc4 20. Nce4 Kg7 21. Nf6 h6
22. Nge4 Bd5 23. Nh5+ gxh5 24. Qxh5 Bxe4 25. g4 Ne7 26. g5 Ng8 27. gxh6+ Nxh6
28. Rg1+ Bg6 29. Rad1 Rh8 30. Kf3 Nf5 31. Qg4 Qxe3+ 32. Kg2 Nh4+ 33. Kf1 Qf3+
34. Qxf3 Nxf3 0-1

[Event "AUTO-ADV-2147"]
[Site "http://www.queenalice.com/game.php?id=934304"]
[Date "2011.5.5"]
[Round "1"]
[White "Agildo"]
[Black "cecel"]
[Result "1-0"]
[WhiteElo "1801"]
[BlackElo "1657"]

1. d4 d5 2. c4 e6 3. Nf3 dxc4 4. e4 h6 5. Bxc4 a6 6. a4 Be7 7. Nc3 Bb4 8. Qb3
Bxc3+ 9. bxc3 Ne7 10. O-O Nbc6 11. Qa2 O-O 12. Bf4 g5 13. Bg3 Ng6 14. e5 Na5 15.
Bd3 Nc6 16. Qc2 b6 17. Bxg6 Kg7 18. Be4 Ne7 19. Bxa8 Bd7 20. Be4 Nf5 21. Bxf5
exf5 22. h3 f4 23. Bh2 Qa8 24. Rfe1 Bxh3 25. Qe4 Qc8 26. e6 f6 27. gxh3 f5 28.
Qe5+ Kg6 29. d5 1-0

[Event "AUTO-ADV-2147"]
[Site "http://www.queenalice.com/game.php?id=934317"]
[Date "2011.5.5"]
[Round "1"]
[White "BRANDAO"]
[Black "Agildo"]
[Result "1-0"]
[WhiteElo "1715"]
[BlackElo "1872"]

1. d4 d5 2. c4 dxc4 3. e4 c6 4. Bxc4 Nf6 5. Be3 Bg4 6. f3 Nxe4 7. fxg4 Qa5+ 8.
Nd2 f5 9. Qc2 Nd7 10. gxf5 Qxf5 11. Qxe4 Qxe4 12. Nxe4 O-O-O 13. Be6 1-0

[Event "AUTO-ADV-2147"]
[Site "http://www.queenalice.com/game.php?id=934318"]
[Date "2011.5.5"]
[Round "1"]
[White "Agildo"]
[Black "BRANDAO"]
[Result "0-1"]
[WhiteElo "1781"]
[BlackElo "1677"]

1. e4 c5 2. Nf3 d6 3. d4 cxd4 4. Nxd4 Nf6 5. Nc3 a6 6. Be3 Nc6 7. Bc4 Qc7 8. Be2
e5 9. Nf3 Be7 10. h3 b5 11. a3 Bb7 12. O-O Rd8 13. Nd5 Nxd5 14. exd5 Nb8 15. Rc1
Nd7 16. c4 bxc4 17. Rxc4 Nc5 18. b4 O-O 19. bxc5 dxc5 20. Ng5 Bxd5 21. Qc2 g6
22. Rc3 f6 23. Nxh7 Kxh7 24. Bxc5 Bxc5 25. Rxc5 Qb6 26. Rc7+ Bf7 27. Qc6 Qxc6
28. Rxc6 Rd2 29. Bxa6 Bd5 30. Rd6 Ra8 31. Bb7 Rxa3 32. Rxd5 Rb2 33. Rd7+ Kh6 34.
Bd5 Rd3 35. Be6 Rc3 36. Rd6 Rcc2 37. g4 Kg5 38. Rd5 Kf4 39. Rd3 Kg5 40. Rd5 Kh4
41. Kg2 Rc3 42. g5 Kxg5 43. Rh1 Kh4 44. Bf7 Rg3+ 45. Kf1 Rg5 46. Rd1 f5 47. Rg1
Rxg1+ 48. Kxg1 g5 49. Rd3 Rb1+ 50. Kg2 e4 51. Re3 Rb4 52. Bg6 Rb5 53. Bxf5 Rxf5
0-1

[Event "AUTO-ADV-2147"]
[Site "http://www.queenalice.com/game.php?id=934327"]
[Date "2011.5.5"]
[Round "1"]
[White "Agildo"]
[Black "BESO"]
[Result "0-1"]
[WhiteElo "1846"]
[BlackElo "1830"]

1. d4 e6 2. c4 d5 3. Nf3 Nf6 4. Nc3 Be7 5. Bf4 O-O 6. e3 a6 7. a4 Bb4 8. Bd3 Ne4
9. Qc2 f5 10. O-O-O Nd7 11. cxd5 Nxc3 12. bxc3 Ba3+ 13. Kd2 Nb6 14. dxe6 Bxe6
15. c4 Nc8 16. Ne5 Ne7 17. Ke2 Bb4 18. Qb1 a5 19. d5 Bc8 20. g4 h6 21. g5 h5 22.
Rdg1 Qe8 23. Nf3 c6 24. d6 Ng6 25. Nd4 Nxf4+ 26. Kf3 Nxd3 27. Qxd3 Bxd6 28. Nxc6
Qxc6+ 29. Ke2 Be6 30. f4 Bxc4 0-1

[Event "AUTO-ADV-2147"]
[Site "http://www.queenalice.com/game.php?id=934328"]
[Date "2011.5.5"]
[Round "1"]
[White "BESO"]
[Black "Agildo"]
[Result "1/2-1/2"]
[WhiteElo "1847"]
[BlackElo "1799"]

1. d4 d5 2. Nf3 Nf6 3. c4 dxc4 4. Nbd2 c6 5. Nxc4 Bf5 6. Nfe5 e6 7. a3 Nbd7 8.
f3 b5 9. Nxd7 Nxd7 10. e4 Bg6 11. Ne3 Be7 12. Bd2 Bh4+ 13. g3 Bg5 14. Bg2 Bxe3
15. Bxe3 O-O 16. f4 a6 17. O-O Nf6 18. b4 Nxe4 19. g4 f5 20. Bxe4 fxe4 21. g5
Qd5 22. Qe1 Qf5 23. Kh1 Bh5 24. Kg1 Qh3 25. Qg3 Qxg3+ 26. hxg3 Bf3 27. Kf2 h6
28. gxh6 gxh6 29. Bd2 Rf5 30. Ke3 h5 31. Rg1 Kf7 32. Rac1 Rc8 33. Be1 Ke7 34.
Bf2 Kd6 1/2-1/2

[Event "AUTO-OPEN-2352"]
[Site "http://www.queenalice.com/game.php?id=934386"]
[Date "2011.5.5"]
[Round "1"]
[White "Agildo"]
[Black "Morysek"]
[Result "0-1"]
[WhiteElo "1893"]
[BlackElo "2123"]

1. d4 d6 2. Nf3 Nf6 3. c4 g6 4. e3 Bg7 5. Nc3 O-O 6. Bd3 c5 7. O-O cxd4 8. exd4
Nc6 9. Re1 Bg4 10. Be3 e5 11. Be4 Nxe4 12. Nxe4 f5 13. Neg5 Qf6 14. d5 Nd8 15.
Bd2 h6 16. Ne6 Nxe6 17. dxe6 Qxe6 18. Nd4 Qxc4 19. Qb3 Qxb3 20. Nxb3 f4 21. Rac1
Rac8 22. Bb4 Rfd8 23. Rxc8 Bxc8 24. Nd2 d5 25. b3 Bf5 26. f3 b6 27. Rc1 Rc8 28.
Ba3 Rxc1+ 29. Bxc1 g5 30. Ba3 Kf7 31. Bd6 Ke6 32. Bb8 a6 33. b4 e4 34. fxe4 dxe4
35. Nc4 Bd4+ 36. Kh1 e3 0-1

[Event "AUTO-OPEN-2352"]
[Site "http://www.queenalice.com/game.php?id=934387"]
[Date "2011.5.5"]
[Round "1"]
[White "Morysek"]
[Black "Agildo"]
[Result "1-0"]
[WhiteElo "2152"]
[BlackElo "1850"]

1. f4 d5 2. Nf3 Nc6 3. e3 Nf6 4. Bb5 e6 5. Bxc6+ bxc6 6. Ne5 Bd6 7. Nxc6 Qd7 8.
Ne5 Bxe5 9. fxe5 Ne4 10. O-O O-O 11. d4 Ba6 12. Rf3 Ng5 13. Rg3 Ne4 14. Rh3 Qe7
15. Qh5 Ng5 16. Rg3 h6 17. Nc3 Rac8 18. e4 dxe4 19. Bxg5 hxg5 20. Rxg5 f6 21.
exf6 Qxf6 22. h3 Qf2+ 23. Kh1 Qxd4 24. Qg6 Bc4 25. Rd1 Qf6 26. Qxf6 Rxf6 27.
Nxe4 Rf7 28. b3 Be2 29. Rd2 Rf1+ 30. Kh2 Bb5 31. Rxb5 a6 32. Re5 Kf7 33. Rf2+
Rxf2 34. Nxf2 Kf6 35. Ra5 e5 36. Rxa6+ Kf5 37. Ra5 Kf4 38. Nd3+ Ke3 39. Rxe5+
Kd2 40. Rc5 Re8 41. Rxc7 g5 42. a4 1-0

[Event "AUTO-OPEN-2352"]
[Site "http://www.queenalice.com/game.php?id=934388"]
[Date "2011.5.5"]
[Round "1"]
[White "Agildo"]
[Black "Danado"]
[Result "1-0"]
[WhiteElo "1877"]
[BlackElo "1723"]

1. d4 d5 2. c4 dxc4 3. Nc3 e6 4. e3 Bb4 5. Bxc4 Bxc3+ 6. bxc3 Nf6 7. Nf3 Nc6 8.
O-O h6 9. Re1 O-O 10. e4 Na5 11. Bd3 b6 12. Be3 Qd7 13. Qd2 Bb7 14. Bxh6 gxh6
15. Qxh6 Nh7 16. e5 f5 17. Qg6+ Qg7 18. Qxe6+ Rf7 19. Bxf5 Bxf3 20. Bg6 Nf8 21.
Bxf7+ Qxf7 22. Qxf7+ Kxf7 23. gxf3 Rd8 24. Re4 Ke6 25. Rh4 Kd5 26. f4 Nc4 27.
Rh8 Na5 28. Rc1 Nc4 29. f5 Kc6 30. e6 Kd6 31. h4 Ke7 32. Re1 Rd5 33. f6+ 1-0

[Event "AUTO-OPEN-2352"]
[Site "http://www.queenalice.com/game.php?id=934389"]
[Date "2011.5.5"]
[Round "1"]
[White "Danado"]
[Black "Agildo"]
[Result "0-1"]
[WhiteElo "1734"]
[BlackElo "1853"]

1. e4 c6 2. d4 d5 3. exd5 cxd5 4. Bb5+ Bd7 5. Bxd7+ Qxd7 6. Nf3 Nf6 7. h3 e6 8.
Nc3 Be7 9. Bg5 O-O 10. Bxf6 Bxf6 11. O-O Nc6 12. Qd2 a6 13. a3 Rfe8 14. Rae1 b5
15. b4 Be7 16. Ne5 Nxe5 17. dxe5 f6 18. Re2 fxe5 19. Rxe5 Bd6 20. Re2 Qc6 21.
Rfe1 Bc7 22. Qg5 Qxc3 23. Rxe6 Qxe1+ 0-1

[Event "AUTO-OPEN-2328"]
[Site "http://www.queenalice.com/game.php?id=981118"]
[Date "2011.9.4"]
[Round "2"]
[White "Agildo"]
[Black "miltonlovisk"]
[Result "0-1"]
[WhiteElo "1793"]
[BlackElo "1889"]

1. d4 d5 2. c4 dxc4 3. Nc3 Nf6 4. Nf3 c6 5. a4 Be6 6. Bg5 Nbd7 7. e3 a5 8. Bxf6
Nxf6 9. Ne5 Qc7 10. Bxc4 Bxc4 11. Nd3 e6 12. Ne5 Bd5 13. Rc1 Bb4 14. O-O Bxc3
15. bxc3 Nd7 16. Nxd7 Qxd7 17. c4 Be4 18. f3 Bg6 19. e4 O-O-O 20. Qb3 Qxd4+ 21.
Kh1 f5 22. Rb1 Qa7 23. c5 Rhe8 24. Rfe1 Rd7 25. Qb6 Qxb6 26. Rxb6 Rd4 0-1

[Event "AUTO-OPEN-2328"]
[Site "http://www.queenalice.com/game.php?id=981119"]
[Date "2011.9.4"]
[Round "2"]
[White "miltonlovisk"]
[Black "Agildo"]
[Result "1-0"]
[WhiteElo "1876"]
[BlackElo "1806"]

1. e4 c6 2. Nf3 d5 3. exd5 cxd5 4. d4 Bf5 5. Nc3 e6 6. Ne5 a6 7. Qf3 Nf6 8. Bd3
Bxd3 9. Nxd3 Be7 10. Ne5 O-O 11. a3 Nc6 12. Nxc6 bxc6 13. h4 Ne4 14. Nxe4 dxe4
15. Qxe4 Qd5 16. Qxd5 cxd5 17. O-O Rab8 18. b4 Rfc8 19. Ra2 Rc4 20. Be3 Bxh4 21.
Rc1 Bf6 22. c3 Rbc8 23. Rac2 e5 24. dxe5 Bxe5 25. Bd2 Bf6 26. Kf1 1-0

[Event "AUTO-OPEN-2328"]
[Site "http://www.queenalice.com/game.php?id=981120"]
[Date "2011.9.4"]
[Round "2"]
[White "Agildo"]
[Black "favazza2007"]
[Result "0-1"]
[WhiteElo "1811"]
[BlackElo "2089"]

1. d4 d5 2. c4 c6 3. Nc3 Nf6 4. e3 Bf5 5. cxd5 Nxd5 6. Bd3 Bxd3 7. Qxd3 Nb4 8.
Qb1 e6 9. Nf3 Bd6 10. O-O Nd7 11. a3 Nd5 12. e4 N5b6 13. e5 Be7 14. Ne4 h6 15.
b3 Nd5 16. Nd6+ Bxd6 17. exd6 N7f6 18. Ne5 Qxd6 19. a4 Nc3 20. Qd3 Nce4 21. Ba3
Qd8 0-1

[Event "AUTO-OPEN-2328"]
[Site "http://www.queenalice.com/game.php?id=981121"]
[Date "2011.9.4"]
[Round "2"]
[White "favazza2007"]
[Black "Agildo"]
[Result "1-0"]
[WhiteElo "2078"]
[BlackElo "1817"]

1. Nf3 Nf6 2. Nc3 d5 3. d4 e6 4. Bf4 Bd6 5. Qd2 O-O 6. Bxd6 cxd6 7. e3 Re8 8.
Bb5 Bd7 9. O-O a6 10. Bd3 Nc6 11. a3 b5 12. b4 Na7 13. e4 dxe4 14. Nxe4 Rc8 15.
Nxd6 Bc6 16. Nxe8 Nxe8 17. Ne5 g6 18. Qf4 Rc7 19. Ng4 1-0